=LDR 00000nam 2200000 4500 =001 INLIS000000000036608 =005 20140625113304.0 =006 =007 =008 Ind =035 ##$$a 0010-061300000036608 =041 ##$$a Ind =082 ##$$a 028.5 =090 ##$$a 028.5, Hom s =100 ##$$a Hongjae-Cheol =245 ##$$a Sunvival dunia serangga, Naskah Hong Jae-Cheal ; alih bahasa, Endah Mawang Novianti =260 ##$$a Jakarta $b pt elex media komputindo $c 2011 =300 ##$$a ...jil, ilus, 24 cm =650 ##$$a Bacaan kanak-kanak =700 ##$$a Novianti, Endang Nawang =850 ##$$a NBPNMAT =990 ##$$a 21400613/BPAP-NTB/20142014